Stereochemistry of organic compounds /

Guardado en:
Autor Principal: Eliel, Ernest Ludwig, 1921-
Otros Autores: Wilen, Samuel H., Mander, Lewis N.
Formato: Libro
Idioma:English
Publicado: New York : Wiley, c1994.
Materias:
Acceso en línea:Biografía de los autores
Descripción
Tabla de contenido
Etiquetas: Agregar Etiqueta
Sin Etiquetas, Sea el primero en etiquetar este registro!
LEADER 01184cam a22002775a 4500
001 EIQ.libpla000909
008 930211s1994####nyua#####b####001#0#eng#d
005 20060615190944.0
245 1 0 |a Stereochemistry of organic compounds /  |c Ernest L. Eliel, Samuel H. Wilen ; with a chapter on stereoselective synthesis by Lewis N. Mander. 
260 |a New York :  |b Wiley,  |c c1994. 
300 |a xv, 1267 p. :  |b il. ;  |c 26 cm. 
500 |a "A Wiley-Interscience publication." 
504 |a Incluye referencias bibliográfica e índice. 
020 |a 0471016705 (acid-free) 
100 1 |a Eliel, Ernest Ludwig,  |d 1921- 
700 1 |a Wilen, Samuel H. 
700 1 |a Mander, Lewis N. 
082 0 0 |a 547.1/223  |2 20 
650 4 |a Compuestos orgánicos  |x Esteroquímica. 
650 4 |a Stereochemistry  |x Organic compounds. 
010 |a  93012476  
040 |a DLC  |c DLC  |d AR-BbSID 
856 4 2 |3 Biografía de los autores  |u http://www.loc.gov/catdir/bios/wiley042/93012476.html 
856 4 2 |3 Descripción  |u http://www.loc.gov/catdir/description/wiley033/93012476.html 
856 4 |3 Tabla de contenido  |u http://www.loc.gov/catdir/toc/onix04/93012476.html 
859 |a AR-BbSID  |b BIB. PLAPIQUI  |h 547.122 3  |i El 43  |p 5213